000 00563nam a2200181Ia 4500
008 151018s9999 xx 000 0 und d
082 _bRBASDV44254
_a891.463
100 _aशरदचंद्र वाळिंबे
245 _aरोजा
250 _b1
260 _bयोगिता प्रकाशन पुणे
_c2007
300 _a200
600 _aशरदचंद्र वाळिंबे
630 _aरोजा
700 _aशरदचंद्र वाळिंबे
730 _aरोजा
942 _cBOOK
999 _c1043452
_d1043449